ဗကပ၊ ကေအင်န်ယူစိန်ဝင်းတို့၏ ပြည်ဖျက်လုပ်ရပ်များ / (Record no. 27042)

000 -LEADER
fixed length control field 00800nam a22001577a 4500
005 - DATE AND TIME OF LATEST TRANSACTION
control field 20241204151346.0
008 - FIXED-LENGTH DATA ELEMENTS--GENERAL INFORMATION
fixed length control field 230711b ||||| |||| 00| 0 eng d
040 ## - CATALOGING SOURCE
Transcribing agency SSBUL
Modifying agency SSBUL
082 ## - DEWEY DECIMAL CLASSIFICATION NUMBER
Edition number 23
Classification number ၃၂၀.၉၅၉၁ ဗ
Item number ၁၆၁၄၁ (S-SAT)
245 ## - TITLE STATEMENT
Title ဗကပ၊ ကေအင်န်ယူစိန်ဝင်းတို့၏ ပြည်ဖျက်လုပ်ရပ်များ /
260 ## - PUBLICATION, DISTRIBUTION, ETC.
Place of publication, distribution, etc. ရန်ကုန် ၊
Name of publisher, distributor, etc. ကြေးမုံသတင်းစာတိုက်၊
Date of publication, distribution, etc. ၁၉၉၁။
300 ## - PHYSICAL DESCRIPTION
Extent ၁၈၇ စာမျက်နှာ၊
Dimensions ၂၃ စင်တီ။
500 ## - GENERAL NOTE
General note S-SAT: Dr. Sai Aung Tun Collection
651 ## - SUBJECT ADDED ENTRY--GEOGRAPHIC NAME
Geographic name မြန်မာနိုင်ငံ
General subdivision နိုင်ငံရေးနှင့်အစိုးရ။
942 ## - ADDED ENTRY ELEMENTS (KOHA)
Source of classification or shelving scheme
Koha item type Book (Short term)
Holdings
Withdrawn status Lost status Source of classification or shelving scheme Damaged status Not for loan Collection code Permanent Location Current Location Shelving location Date acquired Total Checkouts Full call number Barcode Date last seen Price effective from Koha item type Accession
          Special Collections Shan State Buddhist University Library Shan State Buddhist University Library Reference Shelves 11/07/2023   ၃၂၀.၉၅၉၁ ဗ ၁၆၁၄၁ (S-SAT) MB00016141 11/07/2023 11/07/2023 Book (Short term) ၁၆၁၄၁ (S-SAT)
          Special Collections Shan State Buddhist University Library Shan State Buddhist University Library Special Collection Shelves 04/12/2024   ၃၂၀.၉၅၉၁ ဗ ၁၆၁၄၁ (S-SAT) MB000016141 04/12/2024 04/12/2024 Book (Short term) ၁၆၁၄၁ (S-SAT)

Library - 09407999929
Admin Office - 09407999979
Dean Office - 09250910768
Registrar Office - 09892297154
Email - [email protected]
Shan State Buddhist University, Phaya Phyu Taunggyi, Shan State, Myanmar.